Giáo trình tin học ứng dụng: Xây dựng ứng dụng Web với JSP, Servlet, Java Beans
محفوظ في:
| المؤلف الرئيسي: | |
|---|---|
| التنسيق: | كتاب |
| اللغة: | Undetermined |
| منشور في: |
H.
Giáo Dục
2001
|
| الموضوعات: | |
| الوسوم: |
إضافة وسم
لا توجد وسوم, كن أول من يضع وسما على هذه التسجيلة!
|
| Thư viện lưu trữ: | Trung tâm Học liệu Trường Đại học Cần Thơ |
|---|
| LEADER | 00623nam a2200181Ia 4500 | ||
|---|---|---|---|
| 001 | CTU_53046 | ||
| 008 | 210402s9999 xx 000 0 und d | ||
| 020 | |b 56000 | ||
| 082 | |a 005.133 | ||
| 082 | |b Kh106 | ||
| 100 | |a Phạm Hữu Khang | ||
| 245 | 0 | |a Giáo trình tin học ứng dụng: Xây dựng ứng dụng Web với JSP, Servlet, Java Beans | |
| 245 | 0 | |c Phạm Hữu Khang và Hoàng Đức Hải | |
| 260 | |a H. | ||
| 260 | |b Giáo Dục | ||
| 260 | |c 2001 | ||
| 650 | |a world wide web ( information retrieval systems ),web design | ||
| 980 | |a Trung tâm Học liệu Trường Đại học Cần Thơ | ||